| 000 | 00444nam a2200169Ia 4500 | ||
|---|---|---|---|
| 005 | 20240606065149.0 | ||
| 008 | 240331s9999 xx 000 0 und d | ||
| 082 |
_a346 _bSID |
||
| 100 | _aSiddiqui,T | ||
| 245 | 0 | _aMuslim women's right in muslim personal law | |
| 260 |
_aNew Delhi _bSarojini Naidu Centre for Women's Studies _c2006 |
||
| 300 | _avii,65 p., | ||
| 650 | _aWomen's Rights | ||
| 650 | _aMuslims | ||
| 650 | _aLaw | ||
| 942 | _cL | ||
| 999 |
_c4568 _d4568 |
||